Historia del Derecho Español Tomo 1
Bewaard in:
| Hoofdauteur: | |
|---|---|
| Formaat: | Boek |
| Taal: | Engels |
| Gepubliceerd in: |
Madrid
Gráfica Administrativa
1945
|
| Onderwerpen: | |
| Tags: |
Voeg label toe
Geen labels, Wees de eerste die dit record labelt!
|
MARC
| LEADER | 00000nam a22000007a 4500 | ||
|---|---|---|---|
| 003 | CL-VaPUC | ||
| 005 | 20240307142257.0 | ||
| 008 | 200113b ||||| |||| 00| 0 eng d | ||
| 999 | |c 376512 |d 376510 | ||
| 040 | |c Pontificia Universidad Católica de Valparaíso | ||
| 082 | |a 340.0946 GAR 1945 | ||
| 100 | |a García-Gallo de Diego, Alfonso |e autor |9 431084 | ||
| 245 | |a Historia del Derecho Español Tomo 1 | ||
| 260 | |a Madrid |b Gráfica Administrativa |c 1945 | ||
| 583 | |c 20200113 |k Valeria Valenzuela | ||
| 650 | 0 | 0 | |a Historia del derecho |9 255109 |
| 651 | 0 | |a España |9 254926 | |
| 942 | |2 ddc |c BK | ||
| 952 | |0 0 |1 0 |2 ddc |4 0 |6 340_094600000000000_GAR_1945 |7 0 |9 495995 |a BIBDER |b BIBDER |d 2020-01-13 |h f. 2 |i 5613973 |o 340.0946 GAR 1945 |p 5613973 |r 2023-01-25 |w 2020-01-13 |y BK |k DER | ||
| 952 | |0 0 |1 0 |2 ddc |4 0 |6 340_094600000000000_GAR_1945 |7 0 |9 495996 |a BIBDER |b BIBDER |d 2020-01-13 |h f. 3 - f.4 |i 5613965 |o 340.0946 GAR 1945 |p 5613965 |r 2023-01-25 |w 2020-01-13 |y BK |k DER | ||